Регионална библиотека "Любен Каравелов" - Русе

Успешният дислексик (Запис номер 484570)

MARC детайли
000 -Лидер
Контролно поле с фиксирана дължина 02034nam a2200349 a 4500
003 - Код на организацията, давaща контролен номер
Контролно поле BLK
005 - Дата и час на последна редакция
Контролно поле 20240306124806.0
008 - Елементи от данни с фиксирана дължина
fixed length control field 180408b bul|||||r ||||||| ||bul||
010 ## - Наследен системен номер
LC control number KNG00097935000
020 ## - Международен стандартен номер на книга ISBN
Международен стандартен номер на книга ISBN 9789544749620
040 ## - Източник на каталожния запис
Идентификатор на билиотеката - собственик на записа BLK
041 ## - Код за език
Код за езика на текст/звукозапис или на отделно заглавие Български
Код за езика КДБФ Български
080 ## - УДК
Текстов определител УДК Възпитаване на лица, трудни за възпитаване - Възпитание на ранно развити деца, на високо надарени, разглезени, принудително възпитания на младежи, подлежащи на наказание. Вж и 343.81;343.8
УДК код - определител по УДК 376.5
УДК - код + определител 376.5
080 ## - УДК
Текстов определител УДК Памет. Усвояване - Видове памет. Процеси на помненето:асоциация, репродукция, идентификация. Мнемотехника. Учене. Усвояване. Забравяне. Недостатъци на паметта
УДК код - определител по УДК 159.953
УДК определител -053
УДК - код + определител 159.953-053
100 ## - Редна дума - Автор
Автор Томас, Майк
Авторска отговорност първи автор
R(LIN) 1299
139 ## - Редно поле
Редна дума Томас, Майк
Авторски знак Том - Т 69
245 10 - Сведения за заглавието
Заглавие Успешният дислексик
Подзаглавни данни Практически техники за справяне с дислексията в живота
Редно поле (дума) Майк Томас; прев. от англ. Александра Ланг.
257 ## - Страна на издаване
Страна на създаване/издаване България
260 ## - Област на издателските данни
Място на издаване, разпространение и проч. София
Име на издателя, разпространителя и проч. Кибеа
Година на издаване 2022
Печатница София : Симолини 94
9 (RLIN) 209528
300 ## - Физическа характеристика
Страници 183 с.
Размери/Мащаб 21 см
380 ## - Жанр
Жанр Обществени науки
500 ## - Общи забележки
Забележка Ориг. загл.: The successful dyslexic: Practical Techniques for Dealing with Dyslexia / Mike Thomas
650 #0 - Допълнително описание по предмет – тема
Основно описание – тема или топоним Дислексия - при децата
9 (RLIN) 391362
653 #0 - Ключова дума – ненормативна
Ключова дума неврологични разстройства
9 (RLIN) 402303
653 #7 - Ключова дума – ненормативна
Ключова дума деца
9 (RLIN) 184884
700 ## - Други автори (авторска отговорност)
Лично име Ланг, Александра Апостолова
Автороска отговорност (Описва отношението между автора и произведението) прев. от англ.
9 (RLIN) 1021
852 ## - Местоположение
Форматна сигнатура Цб 316901
Фондова буква Хранилище
856 ## - Електронен адрес и достъп
Инструкция (цена за достъп) 0.00
Права за достъп disable
999 ## - СИСТЕМНИ КОНТРОЛНИ НОМЕРА
Koha biblionumber 484570
Koha biblioitemnumber 484570
942 ## - АРТИКУЛИ
Вид на библиотечния материал Книги
Скрит в OPAC Не
Периодичен библиозапис Да
Koha issues (borrowed), all copies 5
944 ## - СЪЗДАВАНЕ И РЕДАКЦИЯ на ЗАПИСА
Дата на регистрацията/редакция 2022-12-06
Статус, дата на статуса Галина Якимова
Служител, извършил регистрацията/редакцията 30564
944 ## - СЪЗДАВАНЕ И РЕДАКЦИЯ на ЗАПИСА
Дата на регистрацията/редакция 2023-03-22
Служител, извършил регистрацията/редакцията ГГГ
Създаване/Редакция Редакция
Наличности
Код за отписване Код за изгубен артикул Източник на класификационната схема Код за повреда Коз за рестрикции Код за отдаване Артикулен № Име на библиотеката - собственик Име на библиотеката, в която се намира в момента Статус (Текущо местоположение) Дата на вписване в системата Местоположение - отдел Цена в лева Систематично азбучна сигнатура Баркод Цена в евро Служебен тип на артикула Инвентарен номер
  Не е изгубен Universal Decimal Classification Не е повреден без рестрикции заемане за дома 916028 Регионална библиотека "Любен Каравелов" Русе Регионална библиотека "Любен Каравелов" Русе Заемна - подръчен фонд 2022-12-07 Заемна - подръчен фонд 13.51 376/Т 69 М 120000879091 6.91 Книги  
  Не е изгубен Universal Decimal Classification Не е повреден само за читалня ползва се в читалня 925016 Регионална библиотека "Любен Каравелов" Русе Регионална библиотека "Любен Каравелов" Русе Хранилище 2023-03-27 Хранилище 20.00 Цб 316901 120000884247 10.23 Книги 120000884247
Vip Innovations Ltd, Rousse, Bulgaria 2025